Statistics for Sweden A-Z

Click here to take the quiz!

General Stats

  • This quiz has been taken 771 times
    (749 since last reset)
  • The average score is 19 of 25

Answer Stats

HintAnswer% Correct
AMost famous pop groupABBA
99%
IFamous furniture retailerIKEA
97%
NSweden's position during WWIINeutral
94%
BSea Sweden bordersBaltic
93%
ESong contest A won in 1974Eurovision
92%
KCurrencyKrona
92%
MThird-biggest cityMalmö
89%
VLargest automobile corporationVolvo
89%
DInvention of Alfred NobelDynamite
86%
FOfficial minority languageFinnish
84%
QPosition held by SilviaQueen
84%
HType of fish that
is commonly pickled
Herring
77%
PFictional character for children
created by Astrid Lindgren
Pippi
Longstocking
72%
ZFirst name of IbrahimovicZlatan
72%
CSwedish version of CharlesCarl
71%
TThe Girl with the Dragon ______Tattoo
71%
GLargest islandGotland
70%
LLargest Protestant branchLutheran
68%
WEvent Sweden hosted in 1958World Cup
64%
OBridge to Denmark through MÖresund
63%
UHome to Sweden's oldest universityUppsala
63%
SIndigenous peopleSami
62%
RName for the Swedish parliamentRiksdag
42%
YCity where Kurt Wallander livesYstad
40%
JTitle of the Swedish noblemenJarl
26%

Score Distribution

Percentile by Number Answered

Percent of People with Each Score

Your Score History

You have not taken this quiz since the last reset